| 000 | 00455nam a2200133Ia 4500 | ||
|---|---|---|---|
| 008 | 220326s9999||||xx |||||||||||||| ||und|| | ||
| 084 | _a10058 ANO Gov Bo.1 | ||
| 100 | _aAnonim | ||
| 245 | 0 | _aBanjarmasin, Indeks Persepsi Korupsi Indonesia 2004 | |
| 260 |
_aJakarta _bTransparency International Indonesia _c2004 |
||
| 300 | _axiv + 37 halaman | ||
| 650 |
_aGovernment (Pemerintahan) _eG-O-V _yBanjarmasi, Indeks Persepsi Korupsi Indonesia 2004 |
||
| 942 | _cBK | ||
| 999 |
_c12568 _d12568 |
||